000 00545nam a2200181Ia 4500
003 OSt
005 20191227112921.0
008 190216s9999||||xx |||||||||||||| ||und||
020 _a9788172335632
040 _coclc
082 _a630.2195
_bDHA/F
100 _aDhamu, K P
_9828
245 0 _aFundamentals Of Agricultural Statistics /
_cK P Dhamu ; K Ramamoorthy
260 _bScientific Book Agency,
_c2015.
_aNew Delhi:
300 _a129p
650 _aEcnomics
942 _cBK
_2ddc
_h630.2195
_iDHA/F
_k630.2195
_mDHA/F
999 _c11454
_d11454